[Event "Barcelona Sant Marti op-B 21st"]
[Site "Barcelona"]
[Date "2019.07.19"]
[Round "7"]
[White "Minko, Olga"]
[Black "Palacios Pena, Gerardo"]
[Result "0-1"]
[WhiteElo "1603"]
[BlackElo "1801"]
[PlyCount "162"]
[EventDate "2019.07.13"]
[EventType "swiss"]
[EventRounds "9"]
[EventCountry "ESP"]
[SourceTitle "EXT 2020"]
[Source "ChessBase"]
[SourceDate "2019.10.17"]
[SourceVersion "1"]
[SourceVersionDate "2019.10.17"]
[SourceQuality "1"]

1. e4 c5 2. Nf3 d6 3. d4 cxd4 4. Nxd4 Nf6 5. Nc3 g6 6. Be3 Bg7 7. f3 Nc6 8. Qd2 0-0 9. 0-0-0 d5 10. Qe1 e5 11. Nxc6 bxc6 12. exd5 cxd5 13. Bg5 Be6 14. Nxd5 Bxd5 15. Bxf6 Bh6+ 16. Kb1 Bxa2+ 17. Kxa2 Qxf6 18. Bc4 Rab8 19. Qc3 Rfc8 20. Rd7 Rf8 21. Rhd1 Bg7 22. b3 Qb6 23. R7d6 Qf2 24. R1d2 Qg1 25. Rd1 Qxh2 26. Qd2 e4 27. fxe4 Qe5 28. Rb1 Qxe4 29. Re1 Qh4 30. Rf1 Rb7 31. Rd7 Rxd7 32. Qxd7 Qd4 33. Bxf7+ Kh8 34. Qxd4 Bxd4 35. Bc4 Rxf1 36. Bxf1 Bc3 37. Ka3 a5 38. Ka4 Kg7 39. Kb5 Kf6 40. Kc4 Be1 41. Be2 h5 42. Kd3 Ke5 43. c4 Bb4 44. Ke3 Bc5+ 45. Kf3 g5 46. Kg3 h4+ 47. Kg4 Be3 48. Kf3 Bf4 49. Kg4 Kd4 50. Kh3 Kc3 51. Bd1 Kd2 52. Bg4 Kc2 53. Be6 Kxb3 54. c5+ Kb2 55. Bd7 Kb3 56. Be6+ Kb4 57. c6 Kb5 58. Bd7 Kb6 59. c7 Kxc7 60. Ba4 Kd6 61. Kg4 Kc5 62. Kf3 Kb4 63. Bd1 a4 64. Bxa4 Kxa4 65. Kg4 Kb3 66. Kf3 Kc3 67. Kf2 Kd2 68. Kg1 g4 69. Kh1 Ke1 70. Kg1 Bg5 71. Kh1 Kf2 72. Kh2 h3 73. g3 Bd8 74. Kh1 Bc7 75. Kh2 Bxg3+ 76. Kh1 Bh4 77. Kh2 Ke2 78. Kg1 g3 79. Kh1 Bd8 80. Kg1 Bb6+ 81. Kh1 g2+ 0-1

[Event "EU-ch Amateur U2000"]
[Site "Rhodes"]
[Date "2019.04.10"]
[Round "5"]
[White "Nagy, Laszlo"]
[Black "Minko, Olga"]
[Result "1/2-1/2"]
[WhiteElo "1949"]
[BlackElo "1833"]
[PlyCount "140"]
[EventDate "2019.04.06"]
[EventType "swiss"]
[EventRounds "9"]
[EventCountry "GRE"]
[SourceTitle "EXT 2020"]
[Source "ChessBase"]
[SourceDate "2019.10.17"]
[SourceVersion "1"]
[SourceVersionDate "2019.10.17"]
[SourceQuality "1"]

1. d4 d5 2. c4 dxc4 3. Nf3 Nf6 4. e3 e6 5. Bxc4 a6 6. a4 c5 7. 0-0 Nc6 8. Nc3 cxd4 9. exd4 Nb4 10. Bg5 Be7 11. Bxf6 Bxf6 12. d5 Nxd5 13. Nxd5 exd5 14. Re1+ Be7 15. Bxd5 0-0 16. Qb3 Bd6 17. Rad1 Qf6 18. Bxf7+ Qxf7 19. Qxf7+ Rxf7 20. Rxd6 Bg4 21. Ng5 Rc7 22. f3 Bf5 23. Red1 Rcc8 24. a5 h6 25. Ne6 Bxe6 26. Rxe6 Rc5 27. b4 Rb5 28. Rb6 Rxb6 29. axb6 Rc8 30. Rd7 Rc4 31. Rxb7 Rxb4 32. Kf2 a5 33. g4 a4 34. h4 a3 35. h5 a2 36. Ra7 Rxb6 37. Rxa2 Rb3 38. Ra5 Rb6 39. Kg3 Rf6 40. Ra4 Kh7 41. Rf4 Rb6 42. Rf7 Kg8 43. Rf5 Kh7 44. Re5 Rf6 45. Kf2 Rb6 46. Ke3 Rb4 47. Re4 Rb5 48. Kf4 Rc5 49. Re5 Rc4+ 50. Kf5 Rc7 51. f4 Rf7+ 52. Ke4 Ra7 53. Re6 Rf7 54. Re8 Rf6 55. Re7 Rb6 56. g5 hxg5 57. fxg5 Rb5 58. Kf4 Rb4+ 59. Kf5 Rb5+ 60. Re5 Rb6 61. Kf4 Rb4+ 62. Re4 Rb6 63. Kg4 Ra6 64. Rb4 Rc6 65. Rb8 Rc4+ 66. Kf5 Rc5+ 67. Kf4 Rc4+ 68. Kf3 Rc5 69. Kf4 Rc4+ 70. Ke3 Rc5 1/2-1/2

[Event "EU-ch Amateur U2000"]
[Site "Rhodes"]
[Date "2019.04.09"]
[Round "4"]
[White "Minko, Olga"]
[Black "Zakharov, Denis"]
[Result "1-0"]
[WhiteElo "1833"]
[BlackElo "1889"]
[PlyCount "45"]
[EventDate "2019.04.06"]
[EventType "swiss"]
[EventRounds "9"]
[EventCountry "GRE"]
[SourceTitle "EXT 2020"]
[Source "ChessBase"]
[SourceDate "2019.10.17"]
[SourceVersion "1"]
[SourceVersionDate "2019.10.17"]
[SourceQuality "1"]

1. e4 d6 2. d4 Nf6 3. Nc3 g6 4. f4 Bg7 5. Nf3 0-0 6. Bd3 Nc6 7. 0-0 e5 8. dxe5 dxe5 9. f5 Nb4 10. fxg6 hxg6 11. Bg5 Nxd3 12. cxd3 c6 13. Kh1 Qc7 14. Qc2 b6 15. Nh4 Nh7 16. Nd5 Qd7 17. Ne7+ Kh8 18. Rxf7 Nxg5 19. Nhxg6+ Kh7 20. Nxf8+ Kh8 21. Neg6+ Kg8 22. Rxd7 Bxf8 23. Qc4+ 1-0

[Event "Sitges Sunway op-A 5th"]
[Site "Sitges"]
[Date "2018.12.21"]
[Round "8"]
[White "Minko, Olga"]
[Black "Prats Rodriguez, Juan Bosco"]
[Result "1-0"]
[WhiteElo "1737"]
[BlackElo "2018"]
[PlyCount "67"]
[EventDate "2018.12.14"]
[EventType "swiss"]
[EventRounds "10"]
[EventCountry "ESP"]
[SourceTitle "CBM 187 Extra"]
[Source "ChessBase"]
[SourceDate "2018.11.04"]
[SourceVersion "1"]
[SourceVersionDate "2018.11.04"]
[SourceQuality "1"]

1. e4 d6 2. d4 Nf6 3. Nc3 g6 4. f4 Bg7 5. Nf3 0-0 6. Bd3 Nc6 7. e5 dxe5 8. dxe5 Nd5 9. 0-0 Nxc3 10. bxc3 Qd5 11. Be3 Bg4 12. h3 Bxf3 13. Rxf3 f6 14. Qe2 Qa5 15. Raf1 Kh8 16. Rg3 f5 17. h4 Nxe5 18. fxe5 Bxe5 19. Bd4 Bxd4+ 20. cxd4 e5 21. h5 Rg8 22. hxg6 e4 23. Qh5 Rg7 24. Bxe4 Qb6 25. Qxf5 Qxd4+ 26. Kh1 Re8 27. Qf8+ Rg8 28. g7+ Qxg7 29. Rxg7 Rgxf8 30. Rxf8+ Rxf8 31. Rxh7+ Kg8 32. Rxc7 Rf1+ 33. Kh2 Rb1 34. Bxb7 1-0

[Event "Sitges Sunway op-A 5th"]
[Site "Sitges"]
[Date "2018.12.15"]
[Round "2"]
[White "Maloberti, David"]
[Black "Minko, Olga"]
[Result "1/2-1/2"]
[WhiteElo "2122"]
[BlackElo "1737"]
[PlyCount "100"]
[EventDate "2018.12.14"]
[EventType "swiss"]
[EventRounds "10"]
[EventCountry "ESP"]
[SourceTitle "CBM 187 Extra"]
[Source "ChessBase"]
[SourceDate "2018.11.04"]
[SourceVersion "1"]
[SourceVersionDate "2018.11.04"]
[SourceQuality "1"]

1. d4 d5 2. c4 dxc4 3. Nf3 Nf6 4. Qa4+ Nbd7 5. Nc3 e6 6. e4 c6 7. Qxc4 a6 8. Bd3 b5 9. Qxc6 Ra7 10. Bf4 Bb7 11. Qc7 Qa8 12. 0-0 Be7 13. Qa5 Nxe4 14. Nxe4 Bxe4 15. Bxe4 Qxe4 16. Be3 Ra8 17. Rac1 0-0 18. Qc7 Qd5 19. Ne5 Rfd8 20. Nc6 Bd6 21. Qa5 Rdc8 22. Nb4 Bxb4 23. Qxb4 Qxa2 24. f4 Nb6 25. Rc5 Nd5 26. Qd2 Nxe3 27. Qxe3 Qxb2 28. f5 exf5 29. Re1 g6 30. d5 Rd8 31. Rd1 Qf6 32. Rc6 Qg7 33. Qc5 f4 34. d6 Qf8 35. Rd4 f3 36. gxf3 Rac8 37. Rc7 h5 38. Qc6 Rb8 39. d7 b4 40. Rb7 b3 41. Rc4 b2 42. Qb6 Rxb7 43. Qxb7 Rxd7 44. Qxb2 Rd1+ 45. Kg2 Qd8 46. Rc2 Qg5+ 47. Kh3 Qf5+ 48. Kg2 Qg5+ 49. Kh3 Qf5+ 50. Kg2 Qg5+ 1/2-1/2

[Event "Barcelona Sant Marti op-B 19th"]
[Site "Barcelona"]
[Date "2017.07.20"]
[Round "8"]
[White "Recio Reyes, Sergio"]
[Black "Minko, Olga"]
[Result "1-0"]
[WhiteElo "1807"]
[BlackElo "1563"]
[PlyCount "163"]
[EventDate "2017.07.13"]
[EventType "swiss"]
[EventRounds "9"]
[EventCountry "ESP"]
[SourceTitle "EXT 2018"]
[Source "ChessBase"]
[SourceDate "2017.10.13"]
[SourceVersion "1"]
[SourceVersionDate "2017.10.13"]
[SourceQuality "1"]

1. d4 d5 2. Nf3 Nf6 3. Bf4 e6 4. e3 a6 5. h3 Nbd7 6. Bd3 b5 7. a4 bxa4 8. Rxa4 c5 9. c3 Bb7 10. Nbd2 Qb6 11. Ra2 Bd6 12. Ne5 Bc7 13. Ndf3 Nxe5 14. Nxe5 c4 15. Bc2 Nd7 16. Ba4 Bxe5 17. Bxe5 f6 18. Qg4 0-0 19. Bxd7 fxe5 20. Qxe6+ Qxe6 21. Bxe6+ Kh8 22. Ra5 exd4 23. Bxd5 Bxd5 24. Rxd5 dxc3 25. bxc3 Rab8 26. 0-0 Rb3 27. Rc1 Rc8 28. Ra5 Rc6 29. Rd5 Kg8 30. Kf1 Ra3 31. e4 Kf7 32. Ke2 a5 33. Ke3 Ra2 34. Rd2 Rxd2 35. Kxd2 Rb6 36. Rc2 a4 37. Ra2 Ra6 38. Ke3 Rd6 39. Rxa4 Rd3+ 40. Ke2 Rxc3 41. Kd2 Rd3+ 42. Kc2 Rd4 43. f3 Rd6 44. Kc3 Rg6 45. Ra2 Rc6 46. h4 Rh6 47. Ra7+ Kf8 48. Kxc4 Rxh4 49. Kd5 Rh2 50. Ke6 Rh6+ 51. Ke5 Rh5+ 52. Kf4 Rh4+ 53. g4 Rh6 54. e5 Rc6 55. Kf5 Rc8 56. f4 Re8 57. e6 Kg8 58. Ke5 Kf8 59. Kd6 h6 60. f5 Rd8+ 61. Rd7 Re8 62. Kc7 Re7 63. Kc8 Re8+ 64. Rd8 Ke7 65. Rxe8+ Kxe8 66. Kc7 Ke7 67. Kc6 g6 68. Kd5 gxf5 69. gxf5 h5 70. Ke4 Kf6 71. Kf4 h4 72. Kg4 h3 73. Kxh3 Ke7 74. Kg4 Kf6 75. Kf4 Ke7 76. Ke5 Ke8 77. Kd6 Kd8 78. f6 Ke8 79. f7+ Kf8 80. Kd7 Kg7 81. Ke8 Kg6 82. f8Q 1-0

[Event "EU-ch U14 Girls 26th"]
[Site "Prague"]
[Date "2016.08.18"]
[Round "1"]
[White "Muetsch, Annmarie"]
[Black "Minko, Olga"]
[Result "1-0"]
[WhiteElo "1966"]
[BlackElo "1622"]
[PlyCount "79"]
[EventDate "2016.08.18"]
[EventType "swiss"]
[EventRounds "9"]
[EventCountry "CZE"]
[SourceTitle "CBM 174 Extra"]
[Source "ChessBase"]
[SourceDate "2016.10.10"]
[SourceVersion "1"]
[SourceVersionDate "2016.10.10"]
[SourceQuality "1"]

1. e4 e5 2. Nf3 Nc6 3. Bc4 Nf6 4. d3 h6 5. c3 Bc5 6. Nbd2 Bb6 7. 0-0 0-0 8. h3 d5 9. exd5 Nxd5 10. Ne4 Kh8 11. Re1 f5 12. Ng3 Qd6 13. Nh4 g5 14. Bxg5 hxg5 15. Qh5+ Kg7 16. Qxg5+ Kf7 17. Ngxf5 Bxf5 18. Nxf5 Qe6 19. Qh5+ Qg6 20. Bxd5+ Kf6 21. Qxg6+ Kxg6 22. Bxc6 bxc6 23. Nh4+ Kg7 24. Nf3 Rad8 25. Rad1 Rd5 26. c4 Ra5 27. b4 Rxa2 28. c5 a5 29. cxb6 cxb6 30. bxa5 bxa5 31. Rxe5 a4 32. Ra5 a3 33. Rb1 c5 34. Kh2 Re8 35. Rb7+ Kf6 36. Rb6+ Kg7 37. Ra7+ Kf8 38. Rf6+ Kg8 39. Ng5 Ra1 40. Rg6+ 1-0

[Event "Barcelona Sant Marti op-B 18th"]
[Site "Barcelona"]
[Date "2016.07.21"]
[Round "9.28"]
[White "Poyato Ruiz, Fernando"]
[Black "Minko, Olga"]
[Result "1-0"]
[WhiteElo "1840"]
[BlackElo "1509"]
[PlyCount "79"]
[EventDate "2016.07.13"]
[EventType "swiss"]
[EventRounds "9"]
[EventCountry "ESP"]
[SourceTitle "EXT 2024"]
[Source "ChessBase"]
[SourceDate "2023.10.10"]
[SourceVersion "1"]
[SourceVersionDate "2023.10.10"]
[SourceQuality "1"]

1. d4 d5 2. c4 dxc4 3. Nc3 e5 4. e3 exd4 5. exd4 Nf6 6. Bxc4 Bd6 7. Nf3 0-0 8. 0-0 Bg4 9. h3 Bf5 10. Bg5 h6 11. Be3 Nc6 12. Re1 Qd7 13. Rc1 Ne7 14. d5 a6 15. Bd4 Nh7 16. Ne5 Qc8 17. Bd3 Ng5 18. h4 Nh7 19. Nc4 Bb4 20. Ne3 Bxd3 21. Qxd3 Ng6 22. Bxg7 Kxg7 23. Qd4+ Nf6 24. Qxb4 a5 25. Qd4 Re8 26. g4 Nxh4 27. Qf4 Rg8 28. Ne2 Ne8 29. Ng3 Nd6 30. Nh5+ Kf8 31. Qxh6+ Ke7 32. Qf6+ Kf8 33. Qxh4 Ne4 34. Nf6 Ng5 35. Qh6+ Rg7 36. Qh8+ Rg8 37. Qxg8+ Ke7 38. Qxg5 Qh8 39. Nf5+ Kd8 40. Re8+ 1-0

[Event "Barcelona Sant Marti op-B 17th"]
[Site "Barcelona"]
[Date "2015.07.21"]
[Round "9"]
[White "Collell Rodriguez, Victor"]
[Black "Minko, Olga"]
[Result "1/2-1/2"]
[WhiteElo "1987"]
[BlackElo "1559"]
[PlyCount "46"]
[EventDate "2015.07.13"]
[EventType "swiss"]
[EventRounds "9"]
[EventCountry "ESP"]
[SourceTitle "EXT 2016"]
[Source "ChessBase"]
[SourceDate "2015.10.08"]
[SourceVersion "1"]
[SourceVersionDate "2015.10.08"]
[SourceQuality "1"]

1. e4 e5 2. Nf3 Nc6 3. Bc4 Nf6 4. d4 exd4 5. 0-0 Nxe4 6. Re1 d5 7. Bxd5 Qxd5 8. Nc3 Qd8 9. Rxe4+ Be6 10. Nb5 a6 11. Nbxd4 Qd5 12. Qe2 Nxd4 13. Nxd4 0-0-0 14. Bf4 Bf5 15. Nxf5 Qxf5 16. Re1 Bd6 17. Bxd6 Rxd6 18. Qe3 Kb8 19. Qc3 f6 20. Re7 Rd7 21. Rxd7 Qxd7 22. Qe3 Rd8 23. h3 Qd6 1/2-1/2

[Event "Barcelona Sant Marti op-B 17th"]
[Site "Barcelona"]
[Date "2015.07.15"]
[Round "3"]
[White "Martin Sanchez, Antoni"]
[Black "Minko, Olga"]
[Result "0-1"]
[WhiteElo "1903"]
[BlackElo "1559"]
[PlyCount "88"]
[EventDate "2015.07.13"]
[EventType "swiss"]
[EventRounds "9"]
[EventCountry "ESP"]
[SourceTitle "EXT 2016"]
[Source "ChessBase"]
[SourceDate "2015.10.08"]
[SourceVersion "1"]
[SourceVersionDate "2015.10.08"]
[SourceQuality "1"]

1. d4 d5 2. Nf3 Nf6 3. Nbd2 e6 4. c3 c5 5. e3 a6 6. Bd3 b5 7. 0-0 Nbd7 8. Re1 Bb7 9. Qe2 Bd6 10. b3 cxd4 11. cxd4 0-0 12. Bb2 Ne4 13. Rac1 Ndf6 14. Rc2 Qa5 15. Ra1 Rac8 16. a3 Rxc2 17. Bxc2 Rc8 18. b4 Qb6 19. Nb3 Qc7 20. Nc5 Qb6 21. Bd3 Bc6 22. Nd2 a5 23. f3 Nxd2 24. Qxd2 axb4 25. axb4 Ra8 26. Qd1 Qb8 27. h3 Nd7 28. Qb1 h6 29. Bc3 Ra7 30. Qb2 Bf8 31. e4 dxe4 32. Nxd7 Rxd7 33. Bxe4 Bxe4 34. fxe4 Ra7 35. Ra5 Rxa5 36. bxa5 b4 37. Be1 Qb5 38. Qa1 b3 39. Bc3 Bb4 40. Bxb4 Qxb4 41. a6 b2 42. Qb1 Qxd4+ 43. Kh2 Qd6+ 44. Kh1 Qd2 0-1

[Event "Skopje Karposh op"]
[Site "Skopje"]
[Date "2015.04.03"]
[Round "9"]
[White "Arsovic, Jelena"]
[Black "Minko, Olga"]
[Result "1-0"]
[WhiteElo "2119"]
[BlackElo "1441"]
[PlyCount "65"]
[EventDate "2015.03.27"]
[EventType "swiss"]
[EventRounds "9"]
[EventCountry "MKD"]
[SourceTitle "CBM 165 Extra"]
[Source "ChessBase"]
[SourceDate "2015.04.21"]
[SourceVersion "1"]
[SourceVersionDate "2015.04.21"]
[SourceQuality "1"]

1. e4 e5 2. Bc4 Nc6 3. Nf3 Nf6 4. d3 h6 5. c3 g6 6. h3 Bg7 7. Be3 0-0 8. Qd2 Kh7 9. Na3 a6 10. Bb3 d5 11. exd5 Nxd5 12. Bc5 Re8 13. Nc2 b6 14. Ba3 Kg8 15. 0-0-0 b5 16. Ne3 Nf6 17. g4 e4 18. dxe4 Qxd2+ 19. Nxd2 Bb7 20. Nd5 Nxd5 21. Bxd5 Rab8 22. f4 Na5 23. Bxb7 Nxb7 24. e5 f6 25. exf6 Bxf6 26. Rhe1 a5 27. Ne4 Bg7 28. f5 gxf5 29. gxf5 Kf7 30. Rd7+ Kg8 31. Rg1 Kh8 32. Rgxg7 Rec8 33. Rh7+ 1-0